Every Hollow Knight NPC - Statistics

General Stats
  • This quiz has been taken 175 times
  • The average score is 39 of 82
Answer Stats
Answer % Correct
Elderbug
94%
Sly
91%
Zote the Mighty
91%
Cornifer
89%
Quirrel
86%
Iselda
85%
Hornet
84%
Troupe Master Grimm
84%
Dung Defender
80%
Bretta
79%
Cloth
79%
Nailmaster Oro
79%
Nailmaster Mato
78%
Nailmaster Sheo
76%
Tiso
76%
Dreamers
75%
White Lady
74%
Seer
73%
Gorb
71%
Markoth
71%
The Last Stag
71%
Xero
71%
The Godseeker
66%
Elder Hu
65%
Marmu
65%
Brumm
64%
Charm Lover Salubra
64%
Leg Eater
64%
Vespa
63%
Relic Seeker Lemm
62%
Galien
61%
Confessor Jiji
60%
Grey Mourner
59%
No Eyes
59%
Divine
57%
Midwife
57%
Little Fool
56%
Nailsmith
55%
Steel Soul Jinn
54%
Myla
52%
Fluke Hermit
51%
Millibelle the Banker
51%
Millibelle the Thief
51%
Mask Maker
49%
Snail Shaman
45%
Tuk
45%
Bardoon
43%
Gravedigger
43%
Nymm
43%
The Hunter
43%
Joni
42%
Maggot
42%
Marissa
41%
Eternal Emilitia
39%
Revek
38%
Mister Mushroom
37%
Soul Master
36%
Willoh
28%
Distant Villagers
27%
Moss Prophet
26%
Poggy Thorax
23%
Thistlewind
21%
Shrine of Believers Moth
18%
Caelif & Fera Orthop
15%
Millybug
14%
Boss
12%
Dr Chagax
12%
Kcin
12%
Hundred Nail Warrior
11%
Karina
11%
Molten
11%
Magnus Strong
9%
Perpetos Noo
9%
Wayner
9%
Atra
8%
Hex
8%
Waldie
8%
Wyatt
8%
Caspian
7%
Garro
7%
Grohac
7%
Dream Nail Moth
5%
No matching quizzes found
Score Distribution
Percent of People with Each Score
Percentile by Number Answered
Your Score History
You have not taken this quiz